000 nam a22 7a 4500
999 _c8936
_d8936
008 180120b ||||| |||| 00| 0 eng d
100 _aSingh A.V
_95246
245 _aTogether with Genaral Awarness -V
260 _aNew Delhi
_bRachna Sagar Publication
_c2008